1505 1746 1770 1519 1031 1588 1934 1287 1410 1192 1946 1936 1715 1542 1840 1391 1793 1090 1677 1787 1087 1207 1403 1320 1026 1645 1800 1012 1413 1197 1614 1597 1725 1968 1296 1109 1129 1405 1812 1345 1237 1810 1570 1551 1376 1237 1336 1396 1521 1463 1118 1200 1890 1779 1331 1539 1114 1605 1170 1668 1906 1536 1739 1303 1295 1076 1339 1661 1883 1930 1564 1782 1818 1362 1544 1534 1936 1691 1002 1934 1761 1712 1286 1328 1813 1382 1727 1054 1552 1532 1448 1545 1136 1058 1230 1437 1002 1090 1522 BCNSPRNW ULIB Ver.6.0+V

เปลี่ยนเป็นภาษาไทย

Change to English
 แสดงรายละเอียดบรรณานุกรม
  กลับหน้าหลัก

Brief Record : Get Marc (ISO 2709) : E-mail record : QR code < ปิดหน้าต่าง
LEADER : 00000nam 2200000uu 4500
001    13399127696
003     ULIB
008    210420s2563||||th 000 0 tha d
020    ^a9789744229250
060  0 ^aวจWT20^bธ469ก
100 0  ^aธัญพร ชื่นกลิ่น
245 00 ^aการประเมินผลการดูแลสุขภาพระยะกลางของผู้สูงอายุในประเทศไทยตามนโยบายของกระทรวงสาธารณสุข /^cธัญพร ชื่นกลิ่น, นงณภัทร รุ่งเนย, นภัส แก้ววิเชียร, เบญจพร สุธรรมชัย, วิชาญ เกิดวิชัย, และศุภสิทธิ์ พรรณารุโณทัย
246 31 ^aThe Evaluation of Intermediate Care for the Elderly in Thailand according to the Ministry of Public Health s Policy
260    ^aกรุงเทพฯ : ^bสำนักงานกิจการโรงพิมพ์ องค์การสงเคราะห์ทหารผ่านศึกในพระบรมราชูปถัมภ์, ^c2563
300    ^a152หน้า
650  7 ^aการดูแลสุขภาพระยะกลาง^xวิจัย
650  7 ^aผู้สูงอายุ
650  7 ^aวิจัย
700 0  ^aนงณภัทร รุ่งเนย
700 0  ^aนภัส แก้ววิเชียร
700 0  ^aเบญจพร สุธรรมชัย
700 0  ^aวิชาญ เกิดวิชัย
700 0  ^aศุภสิทธิ์ พรรณารุโณทัย
945    ^p0^l0^i008021
999    ^aประนอม เกษจรัล
รายการนี้ยังไม่มีแท็ก
คุณยังไม่ได้ล็อกอิน คุณสามารถมีกิจกรรมร่วมกับเว็บไซต์ได้ แต่ต้องล็อกอินก่อน ::
  ล็อกอิน

รายการสื่อสารสนเทศ

ลำดับที่ ประเภท เลขเรียก/บาร์โค้ด สถานที่ สถานะ
1. วิทยาศาสตร์การแพทย์ และสุขภาพ
วิทยาศาสตร์การแพทย์ และสุขภาพ
วจWT20 ธ469ก ฉ.1 
  Barcode: 008021
ห้องสมุดวิทยาเขตสวรรค์ประชารักษ์
►หนังสือทั่วไป
บนชั้น

รายการใกล้เคียง
    หัวเรื่อง [ผู้สูงอายุ]
    หัวเรื่อง [วิจัย]

BibComment


ยังไม่เคยถูกคอมเมนท์

คอมเมนท์ทรัพยากรรายการนี้
  คอมเมนท์: การประเมินผลการด..


 Copyright 2026. Bcnsprnw @Library